| 000 | 01023nam a22002537a 4500 | ||
|---|---|---|---|
| 005 | 20240530110406.0 | ||
| 008 | 150202s2012 ua f 000 0 ara d | ||
| 017 |
_a16347 _bمصر . دار الكتب المصرية |
||
| 020 | _a9789773684295 | ||
| 040 | _aEG-CaGPL | ||
| 041 | 0 | _aara | |
| 082 | 0 | 4 |
_221 _a322.43 _bج أ |
| 100 | 0 | _aجمال عبداللطيف حسن حسين | |
| 245 | 1 | 2 |
_aالاخوان المسلمون و حكم مصر : _bتضحيات الاخوان المسلمين : ثورة 25 يناير 2011 م / _cتاليف جمال عبداللطيف حسن حسين |
| 260 |
_aالاسكندرية : _bمؤسسة حورس الدولية ، _c2012 |
||
| 300 |
_a172 ص ؛ _c24 سم |
||
| 600 | 0 | _aحسن البنا | |
| 600 | 0 | _aسيد قطب | |
| 600 | 0 | _aمحمد الغزالى | |
| 651 | 0 | 4 |
_aمصر _xالاخوان المسلمون |
| 651 | 0 | 4 |
_aمصر _xالاحوال السياسية _xالاخوان المسلمون |
| 942 |
_2ddc _cBK |
||
| 999 |
_c60358 _d60358 |
||